Los políticos y la prensa una visión desde la perspectiva de los periodistas /

Gespeichert in:
Bibliographische Detailangaben
1. Verfasser: Berganza Jiménez, Gustavo
Format: Text
Schlagworte:
Tags: Tag hinzufügen
Keine Tags, Fügen Sie den ersten Tag hinzu!

MARC

LEADER 00000 a a2200000 04500
001 45487
003
040
090 |a REV0780 (40)2002  
100 |a Berganza Jiménez, Gustavo  
245 |a Los políticos y la prensa una visión desde la perspectiva de los periodistas /  |c Gustavo Berganza Jiménez  
650 |a PRENSA  
650 |a MEDIOS DE COMUNICACION DE MASAS  
650 |a PERIODISTAS  
650 |a POLITICOS  
773 |g número40, V Epoca (2002), páginas 45-59  
999 |c 18180  |d 18180